000 00236nam a22000857a 4500
008 161115b xxu||||| |||| 00| 0 eng d
100 _91205
_aNational book trust
245 _aFestivals of india
260 _aNew delhi
_bNational book trust
_c2006
999 _c3896
_d3896